[Event "POL-chT 2nd League"]
[White "Kalinin, Oleg"]
[Black "Nguyen, Piotr"]
[Site "Szczyrk"]
[Round "4.8"]
[Result "0-1"]
[Date "2014.09.09"]
[WhiteElo "2339"]
[BlackElo "2325"]
[PlyCount "88"]
[EventDate "2014.09.06"]
[EventType "team-swiss"]
[EventRounds "9"]
[EventCountry "POL"]
[SourceTitle "EXT 2015"]
[Source "ChessBase"]
[SourceDate "2014.11.20"]
[SourceVersion "1"]
[SourceVersionDate "2014.11.20"]
[SourceQuality "1"]
[WhiteTeam "Czerwionka Leszczyny Skoczek"]
[BlackTeam "Gostynin Gostmat 83"]
[WhiteTeamCountry "POL"]
[BlackTeamCountry "POL"]

1. Nf3 c5 2. c4 g6 3. g3 Bg7 4. Bg2 Nc6 5. Nc3 e5 6. 0-0 Nge7 7. Ne1 d6 8. Nc2 h5 9. d3 h4 10. Ne3 hxg3 11. fxg3 Bh3 12. Bxh3 Rxh3 13. Rxf7 Rxg3+ 14. hxg3 Kxf7 15. Qf1+ Kg8 16. Qh3 Nd4 17. Ng4 Qb6 18. Rb1 Rf8 19. Bg5 Nef5 20. Qg2 Qc6 21. Nd5 Qa4 22. Nc3 Qc2 23. e4 Nxg3 24. Qxc2 Nxc2 25. Be7 Rf4 26. Nf2 Bf8 27. Bxf8 Kxf8 28. Kg2 Nh5 29. Nb5 Ke7 30. Nxa7 Ne3+ 31. Kg1 Ng4 32. Nxg4 Rxg4+ 33. Kf2 Nf4 34. Kf3 Rh4 35. Nc8+ Ke6 36. Kg3 Rh3+ 37. Kg4 Rh2 38. b4 Nxd3 39. bxc5 Nxc5 40. Rd1 Nxe4 41. Rb1 Kd7 42. Nb6+ Kc6 43. a4 Rg2+ 44. Kh3 Ra2 0-1

[Event "POL-chT 2nd League"]
[White "Kalinin, Oleg"]
[Black "Pazderski, Ziemowit"]
[Site "Szczyrk"]
[Round "2.20"]
[Result "1/2-1/2"]
[Date "2014.09.07"]
[WhiteElo "2339"]
[BlackElo "2251"]
[PlyCount "136"]
[EventDate "2014.09.06"]
[EventType "team-swiss"]
[EventRounds "9"]
[EventCountry "POL"]
[SourceTitle "EXT 2015"]
[Source "ChessBase"]
[SourceDate "2014.11.20"]
[SourceVersion "1"]
[SourceVersionDate "2014.11.20"]
[SourceQuality "1"]
[WhiteTeam "Czerwionka Leszczyny Skoczek"]
[BlackTeam "Zielonka Zieloni"]
[WhiteTeamCountry "POL"]
[BlackTeamCountry "POL"]

1. d4 Nf6 2. Nf3 e6 3. c4 b6 4. Nc3 Bb7 5. a3 Ne4 6. Nxe4 Bxe4 7. e3 Be7 8. Bd3 Bb7 9. e4 d6 10. 0-0 Nd7 11. b3 e5 12. d5 Nf8 13. Be3 Bc8 14. Qc1 h6 15. b4 g5 16. c5 Bd7 17. Qc2 Ng6 18. Rfc1 Nf4 19. Bf1 0-0 20. g3 Ng6 21. Bd3 Rc8 22. cxb6 cxb6 23. Qb3 g4 24. Nd2 Bg5 25. Nf1 h5 26. Rxc8 Bxc8 27. Rc1 Bd7 28. Bxg5 Qxg5 29. Rc7 Rd8 30. Qc2 a5 31. bxa5 bxa5 32. Qd2 Qxd2 33. Nxd2 Nf8 34. Nc4 Bb5 35. Nxe5 Bxd3 36. Nxd3 Nh7 37. Ra7 Ng5 38. Rxa5 Rc8 39. Kf1 Nxe4 40. Ke2 Rc3 41. Ra8+ Kg7 42. a4 Ra3 43. Nf4 Kf6 44. Nxh5+ Ke5 45. Nf4 Kd4 46. a5 Ra2+ 47. Ke1 Ra1+ 48. Ke2 Ra2+ 49. Ke1 Rxf2 50. h3 gxh3 51. Nxh3 Ra2 52. a6 Ra1+ 53. Ke2 Nxg3+ 54. Kf3 Ra3+ 55. Kg2 Nf5 56. Ng5 Ne3+ 57. Kf2 Ng4+ 58. Kg2 Ne5 59. Rf8 Rxa6 60. Nxf7 Ra2+ 61. Kf1 Ra1+ 62. Ke2 Ra2+ 63. Kf1 Kxd5 64. Nxe5 Kxe5 65. Rf3 Ke4 66. Rh3 d5 67. Ke1 d4 68. Kd1 Ra1+ 1/2-1/2

[Event "POL-chT2"]
[White "Kalinin, Oleg"]
[Black "Kocwin, Bartosz"]
[Site "Poronin"]
[Round "9.73"]
[Result "1/2-1/2"]
[Date "2013.09.15"]
[WhiteElo "2328"]
[BlackElo "2195"]
[PlyCount "84"]
[EventDate "2013.09.06"]
[EventType "team-swiss"]
[EventRounds "9"]
[EventCountry "POL"]
[SourceTitle "EXT 2015"]
[Source "ChessBase"]
[SourceDate "2014.11.20"]
[SourceVersion "1"]
[SourceVersionDate "2014.11.20"]
[SourceQuality "1"]
[WhiteTeam "Czerwionka Leszczyny Skoczek"]
[BlackTeam "Strzelce Opolskie Strzelec"]
[WhiteTeamCountry "POL"]
[BlackTeamCountry "POL"]

1. Nf3 Nf6 2. c4 e6 3. g3 d5 4. Bg2 c6 5. b3 Nbd7 6. Bb2 Bd6 7. Nc3 0-0 8. Qc2 Qe7 9. 0-0 a6 10. d4 b5 11. Nd2 Bb7 12. e4 dxe4 13. Ncxe4 Ba3 14. Bxa3 Qxa3 15. c5 Qa5 16. Nd6 Qc7 17. b4 a5 18. a4 Nd5 19. Bxd5 exd5 20. axb5 cxb5 21. Nxb7 Qxb7 22. c6 Qc7 23. Rxa5 Rxa5 24. bxa5 Nb8 25. Rc1 Rc8 26. Qf5 Qd8 27. c7 Rxc7 28. Rxc7 Qxc7 29. Qxd5 Qxa5 30. Qd6 Na6 31. Nf3 h6 32. Kg2 b4 33. Ne5 b3 34. Qd7 Qc7 35. Qb5 Qb8 36. Qxb8+ Nxb8 37. Nc4 Nc6 38. d5 Nb4 39. Nb2 Nxd5 40. Kf3 f5 41. Ke2 Nb6 42. Kd2 g5 1/2-1/2

[Event "Chebanenco Memorial"]
[White "Golub, Dan"]
[Black "Kalinin, Oleg"]
[Site "Kishinev"]
[Round "5"]
[Result "0-1"]
[Date "2013.02.24"]
[WhiteElo "2277"]
[BlackElo "2328"]
[PlyCount "124"]
[EventDate "2013.02.21"]
[EventType "tourn"]
[EventRounds "9"]
[EventCountry "MDA"]
[SourceTitle "EXT 2014"]
[Source "ChessBase"]
[SourceDate "2013.11.20"]
[SourceVersion "1"]
[SourceVersionDate "2013.11.20"]
[SourceQuality "1"]

1. e4 g6 2. d4 c6 3. f4 d5 4. e5 Nh6 5. Be2 f6 6. Be3 Qb6 7. b3 fxe5 8. fxe5 Nf5 9. Bf2 h5 10. Nf3 Bh6 11. Qd3 Na6 12. 0-0 Nc7 13. c4 Ne6 14. g3 0-0 15. Nc3 Qd8 16. Kh1 Kh7 17. Rad1 Nc7 18. Ng1 b6 19. h3 Ne6 20. Bf3 Ba6 21. Nce2 Bg5 22. Bg2 Qd7 23. Nf3 Kg7 24. Nxg5 Nxg5 25. Qc2 Ne6 26. Rfe1 b5 27. cxd5 cxd5 28. Qd2 Nh4 29. Be3 Nf5 30. Kh2 b4 31. Ng1 h4 32. gxh4 Nxe3 33. Rxe3 Rf4 34. Rg3 Rxh4 35. Qc2 Rh6 36. Rd2 Rc8 37. Qb2 Nf4 38. Qb1 Rc3 39. Rf2 Rxg3 40. Kxg3 g5 41. Kh2 Bd3 42. Qc1 Be4 43. Bf1 Rc6 44. Bb5 Rxc1 45. Bxd7 Rd1 46. h4 Kh6 47. hxg5+ Kxg5 48. Nh3+ Nxh3 49. Bxh3 Rxd4 50. Rf7 Rd2+ 51. Kg3 Rd3+ 52. Kh2 Rd2+ 53. Kg3 Rxa2 54. Rg7+ Kh6 55. Rxe7 Ra3 56. Kf4 Rxb3 57. Bg4 Rb1 58. e6 b3 59. Rb7 Bg6 60. e7 Re1 61. Bf3 d4 62. Rxb3 Rxe7 0-1

[Event "Chebanenco Memorial"]
[White "Kalinin, Oleg"]
[Black "Morozov, Nichita"]
[Site "Kishinev"]
[Round "2"]
[Result "1/2-1/2"]
[Date "2013.02.22"]
[WhiteElo "2328"]
[BlackElo "2079"]
[PlyCount "75"]
[EventDate "2013.02.21"]
[EventType "tourn"]
[EventRounds "9"]
[EventCountry "MDA"]
[SourceTitle "EXT 2014"]
[Source "ChessBase"]
[SourceDate "2013.11.20"]
[SourceVersion "1"]
[SourceVersionDate "2013.11.20"]
[SourceQuality "1"]

1. d4 d5 2. c4 c6 3. e3 Nf6 4. Nf3 e6 5. Qc2 Be7 6. Nbd2 Nbd7 7. Be2 Qc7 8. 0-0 0-0 9. a3 b6 10. e4 dxe4 11. Nxe4 c5 12. Nc3 Bb7 13. dxc5 bxc5 14. Rd1 Ne5 15. Nb5 Qb8 16. Bf4 Nxf3+ 17. Bxf3 Qxf4 18. Bxb7 Rab8 19. g3 Qf5 20. Qxf5 exf5 21. Bf3 a6 22. Nc7 Rb6 23. Rd2 Rc8 24. Nd5 Nxd5 25. Bxd5 Bf6 26. Ra2 Rb3 27. Re2 g6 28. Re3 Rcb8 29. a4 Rxb2 30. Rxb2 Rxb2 31. Re8+ Kg7 32. Ra8 Bd4 33. Rxa6 Rxf2 34. Ra7 g5 35. Rxf7+ Kh6 36. a5 Ra2+ 37. Kf1 Rxa5 38. Rxf5 1/2-1/2

[Event "Chebanenco Memorial"]
[White "Itkis, Boris"]
[Black "Kalinin, Oleg"]
[Site "Kishinev"]
[Round "1"]
[Result "0-1"]
[Date "2013.02.21"]
[WhiteElo "2419"]
[BlackElo "2328"]
[PlyCount "100"]
[EventDate "2013.02.21"]
[EventType "tourn"]
[EventRounds "9"]
[EventCountry "MDA"]
[SourceTitle "EXT 2014"]
[Source "ChessBase"]
[SourceDate "2013.11.20"]
[SourceVersion "1"]
[SourceVersionDate "2013.11.20"]
[SourceQuality "1"]

1. d4 Nf6 2. Nf3 d6 3. c4 c6 4. Nc3 Bg4 5. e4 e6 6. Be3 Be7 7. d5 exd5 8. cxd5 cxd5 9. exd5 Nbd7 10. Be2 Bxf3 11. Bxf3 0-0 12. 0-0 a6 13. Be2 Rc8 14. Qb3 Qc7 15. a4 Qb8 16. a5 Bd8 17. Rfd1 Re8 18. Rd4 Nc5 19. Qa3 b5 20. axb6 Bxb6 21. Rdd1 Nce4 22. Nxe4 Nxe4 23. Rd3 Bc5 24. Qxa6 Qxb2 25. Qa2 Qxa2 26. Rxa2 Bxe3 27. fxe3 Rc1+ 28. Rd1 Rxd1+ 29. Bxd1 Nc3 30. Ra1 Nxd5 31. Bb3 Nxe3 32. Ra7 d5 33. Rd7 Ng4 34. g3 Nf6 35. Rb7 g6 36. Kf1 Kf8 37. Rb5 Rd8 38. Ke2 Ke7 39. Kd3 Ke6 40. Kd4 h5 41. h3 Rd6 42. Rb7 Ng8 43. Kc5 Ne7 44. g4 hxg4 45. hxg4 Rd7 46. Rb6+ Ke5 47. g5 Rc7+ 48. Kb5 Nf5 49. Rf6 Nd4+ 50. Kb6 Re7 0-1

[Event "Krakow-ch 3rd"]
[White "Kalinin, Oleg"]
[Black "Jedryczka, Krystian"]
[Site "Krakow"]
[Round "4.1"]
[Result "1/2-1/2"]
[Date "2012.08.11"]
[WhiteElo "2343"]
[BlackElo "2233"]
[PlyCount "54"]
[EventDate "2012.08.08"]
[EventType "swiss"]
[EventRounds "9"]
[EventCountry "POL"]
[SourceTitle "EXT 2023"]
[Source "ChessBase"]
[SourceDate "2022.10.05"]
[SourceVersion "1"]
[SourceVersionDate "2022.10.05"]
[SourceQuality "1"]

1. d4 Nf6 2. Nf3 c5 3. d5 b5 4. c4 Bb7 5. a4 bxc4 6. Nc3 e6 7. e4 exd5 8. exd5 d6 9. Bxc4 Be7 10. 0-0 0-0 11. h3 Re8 12. Re1 Bf8 13. Rxe8 Nxe8 14. Bf4 Nd7 15. a5 Rb8 16. Qd3 Bc8 17. Nb5 Ra8 18. Bd2 Ndf6 19. b4 a6 20. Na3 cxb4 21. Bxb4 Nc7 22. Nc2 Bd7 23. Ne3 Bb5 24. Rc1 Qe8 25. Bxb5 Nxb5 26. Nd4 Nxd4 27. Qxd4 Rc8 1/2-1/2

[Event "Krakow MMK"]
[White "Mikrut, Dariusz"]
[Black "Kalinin, Oleg"]
[Site "Krakow"]
[Round "8"]
[Result "1/2-1/2"]
[Date "2011.08.12"]
[WhiteElo "2358"]
[BlackElo "2366"]
[PlyCount "105"]
[EventDate "2011.08.06"]
[EventType "tourn"]
[EventRounds "9"]
[EventCountry "POL"]
[EventCategory "4"]
[SourceTitle "CBM 143 Extra"]
[Source "ChessBase"]
[SourceDate "2011.08.29"]
[SourceVersion "1"]
[SourceVersionDate "2011.08.29"]
[SourceQuality "1"]

1. d4 Nf6 2. c4 d6 3. Nc3 c6 4. e4 e5 5. Nge2 g6 6. f3 Nbd7 7. Be3 Bg7 8. Qd2 0-0 9. 0-0-0 Qa5 10. Kb1 a6 11. Nc1 exd4 12. Bxd4 Nc5 13. Bxf6 Bxf6 14. Nd5 Bd8 15. Ne7+ Kg7 16. b4 Qa3 17. Qd4+ f6 18. bxc5 Bxe7 19. cxd6 Rd8 20. c5 b6 21. Rd3 Qa5 22. dxe7 Rxd4 23. e8Q Qb4+ 24. Nb3 Qe1+ 25. Kb2 Rxd3 26. Qe7+ Kh6 27. Qf8+ Kh5 28. g4+ Bxg4 29. fxg4+ Kg5 30. h4+ Qxh4 31. Qxf6+ Kxf6 32. Rxh4 Rf3 33. Be2 Rf2 34. Nc1 Kg7 35. Rh3 bxc5 36. Kc3 Rb8 37. Re3 Rg2 38. e5 Kf8 39. Nb3 Ke7 40. Nxc5 Rb1 41. Nb3 Re1 42. Kd3 c5 43. Nxc5 Ra1 44. a4 Ra3+ 45. Kd4 Rxe3 46. Kxe3 a5 47. Nb3 h5 48. gxh5 gxh5 49. Nxa5 h4 50. Nc6+ Kd7 51. Nd4 h3 52. Bf3 Rg1 53. a5 1/2-1/2

[Event "Krakow MMK"]
[White "Barski, Radoslaw"]
[Black "Kalinin, Oleg"]
[Site "Krakow"]
[Round "3"]
[Result "1-0"]
[Date "2011.08.07"]
[WhiteElo "2313"]
[BlackElo "2366"]
[PlyCount "49"]
[EventDate "2011.08.06"]
[EventType "tourn"]
[EventRounds "9"]
[EventCountry "POL"]
[EventCategory "4"]
[SourceTitle "CBM 143 Extra"]
[Source "ChessBase"]
[SourceDate "2011.08.29"]
[SourceVersion "1"]
[SourceVersionDate "2011.08.29"]
[SourceQuality "1"]

1. e4 c5 2. Nf3 e6 3. d4 cxd4 4. Nxd4 a6 5. Nc3 Qc7 6. Bd3 Nc6 7. Nb3 Nf6 8. 0-0 Be7 9. f4 d6 10. Qf3 0-0 11. g4 b5 12. Be3 Nd7 13. Qh3 Nb4 14. Rac1 Qd8 15. Be2 e5 16. f5 Nb6 17. a3 Nc6 18. Nd5 Nxd5 19. exd5 Nd4 20. Bd3 Bf6 21. Nd2 Re8 22. Ne4 h6 23. Qh5 Kf8 24. h4 Ke7 25. Rce1 1-0

[Event "Krakow MMK"]
[White "Kalinin, Oleg"]
[Black "De Verdier, Michael Carl Adam"]
[Site "Krakow"]
[Round "2"]
[Result "1/2-1/2"]
[Date "2011.08.07"]
[WhiteElo "2366"]
[BlackElo "2359"]
[PlyCount "60"]
[EventDate "2011.08.06"]
[EventType "tourn"]
[EventRounds "9"]
[EventCountry "POL"]
[EventCategory "4"]
[SourceTitle "CBM 143 Extra"]
[Source "ChessBase"]
[SourceDate "2011.08.29"]
[SourceVersion "1"]
[SourceVersionDate "2011.08.29"]
[SourceQuality "1"]

1. Nf3 Nf6 2. d4 e6 3. c4 Bb4+ 4. Bd2 Qe7 5. g3 Nc6 6. Bg2 Bxd2+ 7. Nbxd2 d6 8. Nf1 e5 9. Ne3 0-0 10. 0-0 exd4 11. Nxd4 Bd7 12. Nb5 Rac8 13. Nd5 Qd8 14. Nbc3 Ne5 15. Qd4 b6 16. Rad1 Re8 17. f4 Neg4 18. e4 Nxd5 19. Nxd5 Be6 20. Rfe1 Nf6 21. Nc3 Bg4 22. Rd2 Qd7 23. Nd5 Nxd5 24. cxd5 Bh3 25. Bf3 Bg4 26. Bh1 f6 27. Rc1 Re7 28. Rd3 Rce8 29. Re3 a5 30. a4 h6 1/2-1/2

[Event "Vladivostok op"]
[White "Kalinin, Oleg"]
[Black "Menshoikina, Anna"]
[Site "Vladivostok"]
[Round "4"]
[Result "1-0"]
[Date "2011.03.29"]
[WhiteElo "2375"]
[BlackElo "1692"]
[PlyCount "39"]
[EventDate "2011.03.26"]
[EventType "swiss"]
[EventRounds "9"]
[EventCountry "RUS"]
[SourceTitle "CBM 141 Extra"]
[Source "ChessBase"]
[SourceDate "2011.05.03"]
[SourceVersion "1"]
[SourceVersionDate "2011.05.03"]
[SourceQuality "1"]

1. d4 d5 2. c4 e6 3. Nc3 Nf6 4. Nf3 c6 5. e3 Nbd7 6. Bd3 Bd6 7. 0-0 0-0 8. e4 dxe4 9. Nxe4 Nxe4 10. Bxe4 c5 11. Bc2 Qc7 12. Re1 cxd4 13. Qxd4 e5 14. Qh4 f5 15. Be3 f4 16. Bxh7+ Kf7 17. Bxf4 Nf6 18. Bxe5 Be6 19. Bxd6 Qxd6 20. Ng5+ 1-0

[Event "Wroclaw WSB IM"]
[White "Luch, Michal"]
[Black "Kalinin, Oleg"]
[Site "Wroclaw"]
[Round "8"]
[Result "1/2-1/2"]
[Date "2011.01.01"]
[WhiteElo "2387"]
[BlackElo "2376"]
[PlyCount "39"]
[EventDate "2010.12.27"]
[EventType "tourn"]
[EventRounds "9"]
[EventCountry "POL"]
[EventCategory "3"]
[SourceTitle "CBM 140 Extra"]
[Source "ChessBase"]
[SourceDate "2011.03.01"]
[SourceVersion "1"]
[SourceVersionDate "2011.03.01"]
[SourceQuality "1"]

1. d4 d5 2. c4 e6 3. Nc3 Be7 4. Nf3 Nf6 5. cxd5 exd5 6. Bg5 c6 7. Qc2 Na6 8. a3 Nc7 9. e3 Ne6 10. Bh4 g6 11. Bd3 Ng7 12. 0-0 0-0 13. b4 a6 14. Rab1 Bf5 15. a4 Bxd3 16. Qxd3 Nf5 17. Bxf6 Bxf6 18. b5 axb5 19. axb5 Ra3 20. bxc6 1/2-1/2

[Event "Wroclaw WSB IM"]
[White "Stoma, Pawel"]
[Black "Kalinin, Oleg"]
[Site "Wroclaw"]
[Round "7"]
[Result "1/2-1/2"]
[Date "2010.12.31"]
[WhiteElo "2351"]
[BlackElo "2376"]
[PlyCount "132"]
[EventDate "2010.12.27"]
[EventType "tourn"]
[EventRounds "9"]
[EventCountry "POL"]
[EventCategory "3"]
[SourceTitle "CBM 140 Extra"]
[Source "ChessBase"]
[SourceDate "2011.03.01"]
[SourceVersion "1"]
[SourceVersionDate "2011.03.01"]
[SourceQuality "1"]

1. e4 g6 2. d4 Bg7 3. Nc3 d6 4. Be3 c6 5. Qd2 Nd7 6. 0-0-0 b5 7. Kb1 Nb6 8. Bd3 Qc7 9. h4 Nf6 10. f3 h6 11. g4 Nfd7 12. Nce2 a6 13. h5 g5 14. Ng3 e6 15. N1e2 Bb7 16. Nc1 c5 17. c3 0-0-0 18. Qf2 c4 19. Bc2 Nf6 20. d5 Nfd7 21. Rd2 Be5 22. Rhd1 Nc5 23. Nge2 Kb8 24. dxe6 fxe6 25. Bxc5 dxc5 26. Rxd8+ Rxd8 27. Rxd8+ Qxd8 28. Qxc5 Nd7 29. Qe3 Qf6 30. a3 Bc7 31. Bd1 Bb6 32. Qd2 Ne5 33. Nd4 Qf7 34. Ka1 Ka7 35. Be2 Qd7 36. Qd1 Ka8 37. Kb1 Bxd4 38. Qxd4 Qxd4 39. cxd4 Nc6 40. Kc2 Nxd4+ 41. Kc3 e5 42. Kb4 Kb8 43. Kc5 Kc7 44. a4 Bc6 45. axb5 axb5 46. Bd1 Ne6+ 47. Kb4 Kd6 48. b3 cxb3 49. Nxb3 Nd4 50. Nd2 Bd7 51. Nf1 Be6 52. Ne3 Bc4 53. Nf5+ Nxf5 54. exf5 Ke7 55. Bc2 Kd6 56. Be4 Bf1 57. Bc2 Be2 58. Be4 Bf1 59. Kc3 Be2 60. Kd2 Bc4 61. Bd3 Bd5 62. Be4 Bf7 63. Kc3 Bc4 64. Bd3 Bd5 65. Be4 Bc4 66. Kb4 Bf1 1/2-1/2

[Event "Wroclaw WSB IM"]
[White "Kalinin, Oleg"]
[Black "Malinovsky, Karel"]
[Site "Wroclaw"]
[Round "6"]
[Result "1-0"]
[Date "2010.12.30"]
[WhiteElo "2376"]
[BlackElo "2339"]
[PlyCount "101"]
[EventDate "2010.12.27"]
[EventType "tourn"]
[EventRounds "9"]
[EventCountry "POL"]
[EventCategory "3"]
[SourceTitle "CBM 140 Extra"]
[Source "ChessBase"]
[SourceDate "2011.03.01"]
[SourceVersion "1"]
[SourceVersionDate "2011.03.01"]
[SourceQuality "1"]

1. d4 Nf6 2. Nf3 e6 3. c4 d5 4. Nc3 Be7 5. Bg5 Nbd7 6. e3 0-0 7. Rc1 a6 8. cxd5 exd5 9. Bd3 c6 10. Qc2 Re8 11. Bf4 Nf8 12. h3 Ne6 13. Bh2 h6 14. 0-0 Bd6 15. Bxd6 Qxd6 16. Na4 Nd7 17. Qc3 Ng5 18. Nd2 Nf6 19. f4 Nge4 20. Bxe4 Nxe4 21. Nxe4 Rxe4 22. f5 Qf6 23. Nc5 Re7 24. Rf3 Rb8 25. Rcf1 Re8 26. Qe1 b6 27. Qg3 Ra8 28. Nd3 a5 29. Ne5 h5 30. Qf4 Ba6 31. Nd7 Qh6 32. Qxh6 gxh6 33. Rc1 Red8 34. Nxb6 Rab8 35. Rxc6 Bb5 36. Rg3+ Kh7 37. Rf6 Rb7 38. Kf2 Rc7 39. b3 Rc2+ 40. Kg1 Be8 41. Na4 Rxa2 42. Nc5 Ra1+ 43. Kh2 Rf1 44. h4 Rb8 45. Rf3 Re1 46. Rd6 Re2 47. Rg3 a4 48. bxa4 Rb1 49. Rd8 Ree1 50. Rf3 Bc6 51. Rc8 1-0

[Event "Wroclaw WSB IM"]
[White "Kalinin, Oleg"]
[Black "Walentukiewicz, Michal"]
[Site "Wroclaw"]
[Round "2"]
[Result "1-0"]
[Date "2010.12.28"]
[WhiteElo "2376"]
[BlackElo "2073"]
[PlyCount "47"]
[EventDate "2010.12.27"]
[EventType "tourn"]
[EventRounds "9"]
[EventCountry "POL"]
[EventCategory "3"]
[SourceTitle "CBM 140 Extra"]
[Source "ChessBase"]
[SourceDate "2011.03.01"]
[SourceVersion "1"]
[SourceVersionDate "2011.03.01"]
[SourceQuality "1"]

1. d4 Nf6 2. Nf3 c5 3. d5 d6 4. Nc3 g6 5. Nd2 Bg7 6. e4 0-0 7. Be2 e5 8. 0-0 Bh6 9. a4 Ne8 10. Nc4 Bxc1 11. Qxc1 Nd7 12. a5 Qe7 13. Qh6 a6 14. Bd3 f6 15. Na4 Rb8 16. Qd2 Rf7 17. Rae1 Nf8 18. b4 cxb4 19. Qxb4 Bd7 20. Nc3 g5 21. Rb1 Bg4 22. Ne3 Bh5 23. Nf5 Qc7 24. Nh6+ 1-0

[Event "Wroclaw WSB IM"]
[White "Matuszewski, Michal"]
[Black "Kalinin, Oleg"]
[Site "Wroclaw"]
[Round "1"]
[Result "1/2-1/2"]
[Date "2010.12.27"]
[WhiteElo "2361"]
[BlackElo "2376"]
[PlyCount "100"]
[EventDate "2010.12.27"]
[EventType "tourn"]
[EventRounds "9"]
[EventCountry "POL"]
[EventCategory "3"]
[SourceTitle "CBM 140 Extra"]
[Source "ChessBase"]
[SourceDate "2011.03.01"]
[SourceVersion "1"]
[SourceVersionDate "2011.03.01"]
[SourceQuality "1"]

1. d4 g6 2. c4 Bg7 3. Nf3 d6 4. e4 e5 5. dxe5 dxe5 6. Qxd8+ Kxd8 7. Nc3 Bg4 8. Bg5+ f6 9. 0-0-0+ Nd7 10. Be3 Bh6 11. Nd5 Bxe3+ 12. Nxe3 Nh6 13. Be2 Be6 14. Rd2 c6 15. Rhd1 Ke7 16. Ne1 a5 17. Nd3 Rhd8 18. g3 Nf7 19. f3 b6 20. Kb1 Nd6 21. b3 Nb7 22. Kb2 Ndc5 23. Kc3 Bd7 24. Nb2 Be8 25. Rxd8 Nxd8 26. Nc2 Nce6 27. Na4 Rb8 28. Kd3 Nc5+ 29. Nxc5 bxc5 30. Rb1 Ne6 31. a3 Rd8+ 32. Kc3 Nd4 33. Bd1 Kd6 34. b4 axb4+ 35. axb4 Ra8 36. bxc5+ Kxc5 37. Ra1 Rxa1 38. Nxa1 Bf7 39. Nb3+ Nxb3 40. Bxb3 Be6 41. g4 f5 42. exf5 gxf5 43. gxf5 Bxf5 44. Bd1 h6 45. Be2 Bh7 46. Bd3 Bg8 47. Be2 Be6 48. Bf1 Bf5 49. Be2 Bh3 50. Kd3 Bf5+ 1/2-1/2

[Event "Chorzow Bak Memorial op"]
[White "Szusterowski, Radoslaw"]
[Black "Kalinin, Oleg"]
[Site "Chorzow"]
[Round "8"]
[Result "1/2-1/2"]
[Date "2010.11.18"]
[WhiteElo "2031"]
[BlackElo "2373"]
[PlyCount "50"]
[EventDate "2010.11.13"]
[EventType "swiss"]
[EventRounds "9"]
[EventCountry "POL"]
[SourceTitle "EXT 2012"]
[Source "ChessBase"]
[SourceDate "2011.11.24"]
[SourceVersion "1"]
[SourceVersionDate "2011.11.24"]
[SourceQuality "1"]

1. d4 Nf6 2. Nf3 e6 3. c4 Bb4+ 4. Bd2 Be7 5. g3 0-0 6. Bg2 d5 7. 0-0 c6 8. Qc2 b6 9. Bf4 Ba6 10. Nbd2 Nbd7 11. Rfe1 c5 12. cxd5 Nxd5 13. Ne5 Nxe5 14. Bxe5 cxd4 15. Qa4 Bb7 16. Bxd4 f6 17. Qb3 Kh8 18. e4 Nb4 19. Be3 Nd3 20. Red1 Nc5 21. Qc3 Qe8 22. b4 Nd7 23. Qb3 Ne5 24. h3 Rd8 25. a3 Bd6 1/2-1/2

[Event "Chorzow Bak Memorial op"]
[White "Mulet, Piotr"]
[Black "Kalinin, Oleg"]
[Site "Chorzow"]
[Round "5"]
[Result "1-0"]
[Date "2010.11.15"]
[WhiteElo "2313"]
[BlackElo "2373"]
[PlyCount "59"]
[EventDate "2010.11.13"]
[EventType "swiss"]
[EventRounds "9"]
[EventCountry "POL"]
[SourceTitle "EXT 2012"]
[Source "ChessBase"]
[SourceDate "2011.11.24"]
[SourceVersion "1"]
[SourceVersionDate "2011.11.24"]
[SourceQuality "1"]

1. e4 g6 2. Nc3 Bg7 3. d4 d6 4. Be2 Nc6 5. Be3 e6 6. d5 Nce7 7. Nf3 exd5 8. exd5 Bg4 9. Ng5 Bd7 10. g4 Nf6 11. h4 c6 12. Bd4 cxd5 13. Qd2 h6 14. 0-0-0 Nc6 15. Qe3+ Kf8 16. Nh3 Nxd4 17. Rxd4 Qb6 18. Rhd1 Re8 19. Qf4 Rxe2 20. Nxe2 Bxg4 21. Rb4 Qa6 22. Nhg1 Bxe2 23. Nxe2 Qxe2 24. Rxb7 Kg8 25. Rxa7 Kh7 26. Rxf7 Rc8 27. Qd2 Qb5 28. Qd3 Qb6 29. Qd4 Qa6 30. Qxf6 1-0